Consultation on our charges for 2012 to 2015 (Record no. 112793)

MARC details
000 -LEADER
fixed length control field 01182cad a22001935a 4500
001 - CONTROL NUMBER
control field L153983
008 - FIXED-LENGTH DATA ELEMENTS--GENERAL INFORMATION
fixed length control field 110928s2011 xxk f 000 0 eng d
035 ## - SYSTEM CONTROL NUMBER
System control number (Sirsi) u153983
041 0# - LANGUAGE CODE
Language code of text/sound track or separate title eng
110 2# - MAIN ENTRY--CORPORATE NAME
Corporate name or jurisdiction name as entry element England and Wales
Subordinate unit Environment Agency
9 (RLIN) 2469
245 00 - TITLE STATEMENT
Title Consultation on our charges for 2012 to 2015
Medium [electronic resource]
260 ## - PUBLICATION, DISTRIBUTION, ETC.
Place of publication, distribution, etc. Environment Agency
Date of publication, distribution, etc. 2011
520 ## - SUMMARY, ETC.
Summary, etc. Consultation covers the charging proposals for Environment Permitting, abstraction and Emissions Trading charging schemes from 2012-2015. Proposes that there is no change to the rate of charges for the majority of charge payers for two years with a check at the end of the first year, a small number of technical changes that are largely beneficial to industry and a small increase in charges in year 3. The consultation is open from 28 September to 21 December 2011.
590 ## - LOCAL NOTE (RLIN)
Local note KA
651 #4 - SUBJECT ADDED ENTRY--GEOGRAPHIC NAME
Geographic name England and Wales
Chronological subdivision 1543-
690 ## - LOCAL SUBJECT ADDED ENTRY--TOPICAL TERM (OCLC, RLIN)
Topical term or geographic name as entry element ENVIRONMENTAL AND LAND CONSULTANCY-ENVIRONMENTAL MANAGEMENT
856 40 - ELECTRONIC LOCATION AND ACCESS
Uniform Resource Identifier <a href="https://consult.environment-agency.gov.uk/portal/ho/finance/charges2012?pointId=1316092694354">https://consult.environment-agency.gov.uk/portal/ho/finance/charges2012?pointId=1316092694354</a>
Public note View the item free of charge at consult.environment-agency.gov.uk
942 ## - ADDED ENTRY ELEMENTS (KOHA)
Suppress in OPAC 0
Holdings
Withdrawn status Lost status Source of classification or shelving scheme Damaged status Not for loan Home library Current library Shelving location Date acquired Total Checkouts Full call number Barcode Date last seen Copy number Price effective from Koha item type
    Dewey Decimal Classification     Virtual Virtual Online 28/09/2011   ONLINE PUBLICATION 153983-2001 06/08/2019 1 06/08/2019 Book